Monkey Flies Away (Record no. 345)
[ view plain ]
| 000 -LEADER | |
|---|---|
| fixed length control field | 00697nam a22002417a 4500 |
| 001 - CONTROL NUMBER | |
| control field | 345 |
| 003 - CONTROL NUMBER IDENTIFIER | |
| control field | FISKH |
| 005 - DATE AND TIME OF LATEST TRANSACTION | |
| control field | 20230328110138.0 |
| 008 - FIXED-LENGTH DATA ELEMENTS--GENERAL INFORMATION | |
| fixed length control field | 230328b cb ||||| |||| 00| 0 eng d |
| 020 ## - INTERNATIONAL STANDARD BOOK NUMBER | |
| International Standard Book Number | 9780763611859 |
| 040 ## - CATALOGING SOURCE | |
| Original cataloging agency | FISKH |
| Language of cataloging | eng |
| Transcribing agency | FISKH |
| Modifying agency | FISKH |
| 050 ## - LIBRARY OF CONGRESS CALL NUMBER | |
| Classification number | PZ7 |
| 082 ## - DEWEY DECIMAL CLASSIFICATION NUMBER | |
| Classification number | 813 |
| 100 ## - MAIN ENTRY--PERSONAL NAME | |
| Personal name | Martin, David |
| 245 ## - TITLE STATEMENT | |
| Title | Monkey Flies Away |
| Statement of responsibility, etc. | David Martin and Illustrated by Scott Nash |
| 260 ## - PUBLICATION, DISTRIBUTION, ETC. | |
| Place of publication, distribution, etc. | Somerville : |
| Name of publisher, distributor, etc. | Candlewick Press. |
| Date of publication, distribution, etc. | 2000. |
| 300 ## - PHYSICAL DESCRIPTION | |
| Extent | 4 leaves of plates. |
| Dimensions | 14 x 20 cm. |
| 505 ## - FORMATTED CONTENTS NOTE | |
| Formatted contents note | B |
| 520 ## - SUMMARY, ETC. | |
| Summary, etc. | Monkey's troubles include popping balloons, high-flying kites, and puddles.<br/><br/> |
| 521 8# - TARGET AUDIENCE NOTE | |
| Target audience note | 160 <br/><br/><br/> |
| Source | Lexile |
| 521 8# - TARGET AUDIENCE NOTE | |
| Target audience note | B <br/> |
| Source | Raz-Plus |
| 942 ## - ADDED ENTRY ELEMENTS (KOHA) | |
| Source of classification or shelving scheme | Dewey Decimal Classification |
| Koha item type | Books |
| Suppress in OPAC | No |
| Withdrawn status | Lost status | Source of classification or shelving scheme | Damaged status | Not for loan | Collection | Home library | Current library | Shelving location | Date acquired | Total Checkouts | Full call number | Barcode | Date last seen | Date last checked out | Price effective from | Koha item type |
|---|---|---|---|---|---|---|---|---|---|---|---|---|---|---|---|---|
| Dewey Decimal Classification | Juvenile Fiction | Footprints International School Library Network Toul Kork Campus | Footprints International School Library Network Toul Kork Campus | TK Primary Library Room(4th Floor), Bookcase 7, Shelves 57-60, Dark Green Books | 03/28/2023 | 2 | MAR 813 PZ7 | FISTK02796 | 09/07/2023 | 08/31/2023 | 03/28/2023 | Books |
